Biblioteca y Centro de Documentación

Dictamen 10-2022 sobre el Anteproyecto de Ley de modificación de la Ley 17/2001, de 7 de diciembre, de marcas, la Ley 20/2003, de 7 de julio, de protección jurídica del diseño industrial y la Ley 24/2015, de 24 de julio, de patentes (Registro nro. 52408)

Detalles MARC
000 -CABECERA
Longitud fija campo de control 01567nam a2200397 c 4500
001 - NÚMERO DE CONTROL
Número de control 52408
003 - IDENTIFICADOR DE NÚMERO DE CONTROL
Identificador del número de control ES-MaCES
005 - FECHA Y HORA DE LA ÚLTIMA TRANSACCIÓN
Fecha y hora de la última transacción 20250203133958.0
007 - PHYSICAL DESCRIPTION FIXED FIELD--GENERAL INFORMAT
Campo fijo de descripción física cr |||||||||||
008 - CAMPO FIJO DE DESCRIPCIÓN FIJA--INFORMACIÓN GENERAL
Códigos de información de longitud fija   220729s2022 sp l o000 | spa d
017 ## - NÚMERO DE REGISTRO DE DERECHOS DE AUTOR Y DEPÓSITO LEGAL
Número de copyright o de depósito legal M
Agencia que asigna el número DL
040 ## - FUENTE DE CATALOGACIÓN
Centro catalogador de origen ES-MaCES
Lengua de catalogación spa
Centro transcriptor ES-MaCES
110 2# - ENCABEZAMIENTO PRINCIPAL--NOMBRE CORPORATIVO
9 (RLIN) 2408
Nombre de entidad corporativa o nombre de jurisdicción como elemento inicial Consejo Económico y Social (España)
245 10 - MENCIÓN DE TÍTULO
Título Dictamen 10-2022 sobre el Anteproyecto de Ley de modificación de la Ley 17/2001, de 7 de diciembre, de marcas, la Ley 20/2003, de 7 de julio, de protección jurídica del diseño industrial y la Ley 24/2015, de 24 de julio, de patentes
Resto del título : Sesión ordinaria del Pleno de 27 de julio de 2022
Mención de responsabilidad, etc. Consejo Económico y Social
250 ## - MENCIÓN DE EDICIÓN
Mención de edición 1ª ed
260 ## - PUBLICACIÓN, DISTRIBUCIÓN, ETC (PIE DE IMPRENTA)
Lugar de publicación, distribución, etc. Madrid
Nombre del editor, distribuidor, etc. Consejo Económico y Social
Fecha de publicación, distribución, etc. 2022
300 ## - DESCRIPCIÓN FÍSICA
Extensión 11 p.
Material anejo 1 documento pdf (159 kb)
490 1# - MENCIÓN DE SERIE
Mención de serie Colección Dictámenes
Designación de volumen o secuencia 10-2022
541 ## - NOTA DE LA FUENTE INMEDIANTE DE ADQUISICIÓN
Forma de adquisición Gratuito
650 #4 - ASIENTO SECUNDARIO DE MATERIA--TÉRMINO DE MATERIA
Término de materia o nombre geográfico como elemento inicial marca registrada
9 (RLIN) 27940
650 #4 - ASIENTO SECUNDARIO DE MATERIA--TÉRMINO DE MATERIA
Término de materia o nombre geográfico como elemento inicial desarrollo de productos
9 (RLIN) 28271
650 #4 - ASIENTO SECUNDARIO DE MATERIA--TÉRMINO DE MATERIA
Término de materia o nombre geográfico como elemento inicial desarrollo industrial
9 (RLIN) 27623
650 #4 - ASIENTO SECUNDARIO DE MATERIA--TÉRMINO DE MATERIA
Término de materia o nombre geográfico como elemento inicial patente
9 (RLIN) 27659
650 #4 - ASIENTO SECUNDARIO DE MATERIA--TÉRMINO DE MATERIA
Término de materia o nombre geográfico como elemento inicial derecho de patentes
9 (RLIN) 27168
650 #4 - ASIENTO SECUNDARIO DE MATERIA--TÉRMINO DE MATERIA
Término de materia o nombre geográfico como elemento inicial propiedad intelectual
9 (RLIN) 29444
650 #4 - ASIENTO SECUNDARIO DE MATERIA--TÉRMINO DE MATERIA
Término de materia o nombre geográfico como elemento inicial propiedad industrial
9 (RLIN) 27656
650 #4 - ASIENTO SECUNDARIO DE MATERIA--TÉRMINO DE MATERIA
Término de materia o nombre geográfico como elemento inicial derecho mercantil
9 (RLIN) 27157
650 #4 - ASIENTO SECUNDARIO DE MATERIA--TÉRMINO DE MATERIA
Término de materia o nombre geográfico como elemento inicial derecho civil
9 (RLIN) 27156
650 #4 - ASIENTO SECUNDARIO DE MATERIA--TÉRMINO DE MATERIA
Término de materia o nombre geográfico como elemento inicial España
9 (RLIN) 26964
650 #4 - ASIENTO SECUNDARIO DE MATERIA--TÉRMINO DE MATERIA
Término de materia o nombre geográfico como elemento inicial dictamen
9 (RLIN) 30802
653 10 - TÉRMINO DE INDEXACIÓN--NO CONTROLADO
Término no controlado Derecho civil
830 #0 - ENCABEZAMIENTO SECUNDARIO DE COLECCIÓN--TÍTULO UNIFORME
9 (RLIN) 32521
Título uniforme Colección Dictámenes (Consejo Económico y Social (España))
Designación de volumen o secuencia 10-2022
856 4# - ACCESO ELECTRÓNICO
Identificador Uniforme del Recurso (URI) http://www.ces.es/documents/DIC/2022/10
Texto del enlace texto completo
902 ## - CES. TIPO DE DOCUMENTO
Tipodoc (006$c Sirtex) LIB Libro
942 ## - ELEMENTOS KOHA
Fuente de clasificaión o esquema Clasificación propia del CES
Koha [por defecto] tipo de item Monografías
Parte de clasificación Derecho Civil
Existencias
Número de registro Signatura completa Tipo de item de Koha
092811 - Monografías
© CES, Consejo Económico y Social de España 2021